000 00708nam a2200289Ia 4500
005 20260324111910.0
008 008 260324s9999 xx 000 0 eng d
020 _a9781003626534
037 _aEBOOK
040 _aCRL
040 _beng
040 _cCRL
041 _2eng
041 _aeng
084 _qCRL
100 _aVictor Bailey
_9998639
245 0 _aJudges and Convicts
245 4 _bThe Principles and Patterns of Criminal Sentencing in Victorian England
260 _bTaylor and Francis
260 _c2025
365 _a
365 _b220
856 _uhttp://www.taylorfrancis.com/books/9781003626534
942 _cEBOOK
999 _c1729452
_d1729452